000 00477nam a2200169Ia 4500
003 GCL
008 140319s9999 xx 000 0 eng d
040 _aGCL /
_cGCL
082 0 4 _a658.848
_bT I
100 1 _aZAHRA, SHAKER
245 1 0 _aINTERNATIONAL DIMENSIONS OF MARKETING /
_cZAHRA, SHAKER
260 _a[S.N] :
_bMACMILLAN PUBLISHING COMPANY ،
_c1993
650 0 4 _aMARKETING
650 0 4 _aMARKETING - PLANNING
650 0 4 _aMARKETING - COMMUNICATION
942 _2ddc
_cBK
999 _c17238
_d17238